El pensamiento de Santo Tomás de aquino para el hombre de hoy
Guardat en:
| Autor principal: | |
|---|---|
| Format: | Llibre |
| Idioma: | espanyol |
| Publicat: |
Valencia
EDICEP
2001
|
| Matèries: | |
| Etiquetes: |
Afegir etiqueta
Sense etiquetes, Sigues el primer a etiquetar aquest registre!
|
MARC
| LEADER | 00000nam a2200000 a 4500 | ||
|---|---|---|---|
| 001 | UCK1138 | ||
| 003 | CL-VaPUC | ||
| 008 | 041105e20010000SP |||||||||||||||||spa|d | ||
| 020 | |a 8470503952 | ||
| 020 | |a 847050620Xv.2 | ||
| 082 | 0 | 4 | |a 189.4 |b LOB |2 21 |
| 100 | |a Lobato, Abelardo |e autor |9 519169 | ||
| 245 | 1 | 3 | |a El pensamiento de Santo Tomás de aquino para el hombre de hoy |
| 300 | |a v | ||
| 942 | |c BK | ||
| 945 | |d 20041105 00:00:00 |a cmena | ||
| 260 | |a Valencia |b EDICEP |c 2001 | ||
| 500 | |a v.1: El hombre en cuerpo y alma | ||
| 500 | |a v.2: El hombre y el misterio de Dios | ||
| 500 | |a v.3: El hombre, Jesucristo y la iglesia | ||
| 600 | 0 | |a Tomás de Aquino |d 1220-1274 |c Santo |9 255832 | |
| 650 | 0 | |a Teología |9 258766 | |
| 650 | 0 | |a Naturaleza humana |9 308593 | |
| 650 | 0 | |a Tomismo |9 259214 | |
| 583 | |a last modification |c 20041105 00:00:00 |k Rodrigo Vera | ||
| 999 | |c 311232 |d 311230 | ||
| 952 | |0 0 |1 0 |4 0 |6 189_400000000000000_LOB_2001 |7 0 |8 A |9 380544 |a BIBTEO |b BIBTEO |d 2019-11-21 |h v.2 |i 4063856 |l 2 |m 5 |o 189.4 LOB 2001 |p 4063856 |q 2024-07-31 |r 2021-12-02 |s 2021-12-02 |w 2019-11-21 |y BK |k ICR | ||